| 000 | 01183nam0a22002291 4500 | ||
|---|---|---|---|
| 001 | rc\481333 | ||
| 005 | 20260407141724.0 | ||
| 035 | _a(NLR Aleph) 005724149 | ||
| 090 |
_a7510556 _c7510556 |
||
| 100 | _a20030616d1987 |||y0rusy50 ca | ||
| 101 | 0 | _arus | |
| 102 | _aRU | ||
| 105 | _ay ||||||||| | ||
| 200 | 1 |
_aМетодика выполнения измерений расхода природного газа, подаваемого в котел, на тепловых электростанциях _eМТ 34-70-016-87 _e[Утв. Гл. науч.-техн. упр. энергетики и электрификации М-ва энергетики и электрификации СССР 07.01.87 _eСрок действия с 01.01.88 по 01.04.93] |
|
| 210 |
_aМ. _cСлужба передового опыта ПО "Союзтехэнерго" _d1987 |
||
| 215 |
_a24 с. _d20 |
||
| 712 | 0 | 1 |
_aСССР _bГлавное научно-техническое управление энергетики и электрификации _3RU\NLR\AUTH\8810010400 _9518477 |
| 801 | 0 |
_aRU _bNLR _gpsbo |
|
| 801 | 1 |
_aRU _bELAR _2rusmarc |
|
| 852 |
_aNLR _j88-4/9579 |
||
| 942 | _cBOOK | ||
| 980 | _aNB | ||